Normal view
MARC view
- Griffen, Hariet
Entry Personal Name
001 - CONTROL NUMBER
- control field: 63920
003 - CONTROL NUMBER IDENTIFIER
- control field: NUST
005 - DATE AND TIME OF LATEST TRANSACTION
- control field: 20210628203209.0
008 - FIXED-LENGTH DATA ELEMENTS
- fixed length control field: 210628|| aca||aabn | a|a d
040 ## - CATALOGING SOURCE
- Original cataloging agency: NUST
- Transcribing agency: NUST
100 ## - HEADING--PERSONAL NAME
- Personal name: Griffen, Hariet
670 ## - SOURCE DATA FOUND
- Source citation: Work cat.: (NUST): Griffen, Hariet, Elementary theory of numbers, 1954
